Livre de Jules Verne - Mort subite - Statistiques

Statistiques générales
  • Ce quiz a été pris 384 fois
  • Le résultat moyen est 3 sur 13
Answers on the Grid
Answers color-coded by a green-red scale on the quiz's grid according to % correct below.
L'île mystérieuse
La Jangada
Le château des Carpates
L'usage du monde
Le flambeur de la Caspienne
Robur le conquérant
Le tour du monde en 80 jours
On a roulé sur la Terre
Objectif Lune
Les Indes noires
Le secret du Capitaine Grant
Nord contre Sud
La nuit des temps
Le pays des fourrures
Mathias Sandorf
Un capitaine de treize ans
Famille sans-nom
Les villes invisibles
Un an de vacances
Cinq semaines en ballon
Voyage au centre de la Terre
Le Chancellor
L'étoile du Nord
L'archipel des justes
Les travailleurs de la mer
 
Statistiques - réponses
Réponse % Correct
Le tour du monde en 80 jours
84%
L'île mystérieuse
66%
Voyage au centre de la Terre
63%
Cinq semaines en ballon
35%
Le château des Carpates
20%
Les Indes noires
17%
Mathias Sandorf
11%
La Jangada
7%
Robur le conquérant
7%
Le pays des fourrures
3%
Nord contre Sud
3%
Famille sans-nom
1%
Le Chancellor
1%
Aucun quiz correspondant
Distribution des résultats
% des personnes avec chaque résultat
Percentile par nombre de réponses
Votre historique - résultats
Vous n’avez pas pris ce quiz